LEADER 01105nam0-22003011i-450- 001 990000051410403321 035 $a000005141 035 $aFED01000005141 035 $a(Aleph)000005141FED01 035 $a000005141 100 $a20011111d--------km-y0itay50------ba 101 0 $aita 105 $ay-------001yy 200 1 $aOrganisation et direction des unises$eguide pratique pour l'organisation et la direction des fabriques de machines etindustres semblables, ainsi que pour le calcul du prix de revient et le decompte de la paye$fAndre Mayer$gd'apres le livre allemand intitule "Der fabrikbetrieb" de Albert Ballewski. 210 $aParis$cGauthier-Villars$d1911 215 $aVI, 220 p.$cill.$d25 cm 610 0 $aAziende industriali$aDirezione 610 0 $aAziende industriali$aOrganizzazione 676 $a658.02 700 1$aMayer,$bAndré$0331968 801 0$aIT$bUNINA$gRICA$2UNIMARC 901 $aBK 912 $a990000051410403321 952 $a13 F 34 08$b3456$fFINBC 959 $aFINBC 996 $aOrganisation et direction des unises$9112138 997 $aUNINA DB $aING01 LEADER 01537nam 2200337 n 450 001 996389765003316 005 20221108064811.0 035 $a(CKB)1000000000656445 035 $a(EEBO)2240927279 035 $a(UnM)9959263200971 035 $a(EXLCZ)991000000000656445 100 $a19971126d1609 uh 101 0 $aeng 135 $aurbn||||a|bb| 200 10$aWhereas to moderate and qualifie the fines, forfeitures and losses, which we in our wisdome did forsee might proue heauy vnto very many of our subiects, ..$b[electronic resource] 210 $aImprinted at London $cBy the deputies of Robert Barker, printer to the Kings most excellent Maiestie.$dAnno 1608. [i.e. 1609] 215 $a1 sheet ([1]) p.) 300 $aTitle from first lines of text. 300 $aDates are given according to Lady Day dating. 300 $aDated at end: Royston the xviij. day of February, in the sixt yeere of our raigne ... 300 $aExtending the time for compounding for alienations. Cf. STC. 300 $aReproduction of original in the British Library. 330 $aeebo-0018 607 $aGreat Britain$xPolitics and government$y1603-1605$vEarly works to 1800 701 $aJames$cKing of England,$f1566-1625.$01001019 801 0$bCu-RivES 801 1$bCu-RivES 906 $aBOOK 912 $a996389765003316 996 $aWhereas to moderate and qualifie the fines, forfeitures and losses, which we in our wisdome did forsee might proue heauy vnto very many of our subiects, .$92342072 997 $aUNISA